| 000 | 00637pam a2200193 a 4500 | ||
|---|---|---|---|
| 020 | _a0070699208 (acidfree paper) | ||
| 040 | _cDLC | ||
| 082 | 0 | 0 | _a621 MCG 1996 A043 Or. |
| 100 | 1 | _aWhitson, Gene. | |
| 245 | 1 | 0 | _aHandbook of electrical construction tools and materials / |
| 260 |
_aNew York : _bMcGraw-Hill, _cc1996. |
||
| 300 |
_avi, 478 p. : _bill. ; _c24 cm. |
||
| 500 | _aIncludes index. | ||
| 650 | 0 | _aElectric apparatus and appliances. | |
| 650 | 0 | _aElectrical engineering | |
| 856 | 4 | 2 | _uhttp://www.loc.gov/catdir/description/mh022/95042985.html |
| 856 | 4 | 1 | _uhttp://www.loc.gov/catdir/toc/mh022/95042985.html |
| 942 | _cEK | ||
| 999 |
_c12558 _d12558 |
||